000 00483nam a2200181Ia 4500
005 20250508165513.0
008 008 250505s9999 xx 000 0 hin d
037 _aTextual
040 _aFEDL
_beng
_cFEDL
041 _ahin
_2hin
084 _a372.21, EKL
_qFEDL
245 0 _aLearners's library (DVD only)
245 0 _cEklavya
260 _aBhopal, India
_bEklavya Prakashan
365 _aINR
_b100
942 _cTEXL
_h372.21, EKL
999 _c1395510
_d1395510